Score 0/24 Timer 08:00
1 Play Today
% Correct
Shrek
98.3%
The Avengers
97.8%
How the Grinch Stole Christmas
96.2%
The Jungle Book
94.6%
Jurassic Park
91.7%
The Hunger Games
89.1%
Green Lantern
88.9%
Peter Pan
88.5%
The Sound of Music
88.4%
Pirates of the Caribbean: On Stranger Tides
85.5%
The Matrix
72.8%
Forrest Gump
71.4%
% Correct
The Wizard of Oz
70.2%
Tangled
69.2%
Monty Python and the Holy Grail
68.2%
The Lord of the Rings: The Two Towers
64.1%
Stand By Me
53.6%
Field of Dreams
53.2%
Crouching Tiger Hidden Dragon
48.1%
Batman Forever
48%
Pride and Prejudice
45.4%
FernGully: The Last Rainforest
33.1%
Bridge to Terabithia
21.3%
Atonement
20.6%
Remove Ads.
Support Sporcle.
Get the best of Sporcle when you Go Orange. This ad-free experience offers more features, more stats, and more fun while also helping to support Sporcle. Thank you for becoming a member.

You're not logged in!

Compare scores with friends on all Sporcle quizzes.
OR
Log In

Sporcle TV

Today on Sporcle TV


Watch our educational content, quiz creation guides, and fun videos on Sporcle TV.

Show Comments

Extras

Top Quizzes Today


Score Distribution

Paid Content

Your Account Isn't Verified!

In order to create a playlist on Sporcle, you need to verify the email address you used during registration. Go to your Sporcle Settings to finish the process.

Report this User

Report this user for behavior that violates our Community Guidelines.

Details: